000
00316nam a22001337a 4500
008
170727b xxu||||| |||| 00| 0 eng d
020
_a
9780131886094
041
_a
eng
080
_a
004
100
_a
29
101
_a
SHKI
245
_a
STATISTICS, DATA ANALYSIS & DECISION MODELING
_c
EVANS, J.R
942
_2
udc
_c
BK
999
_c
22015
_d
22015